000 00508nmm a2200169Ia 4500
008 251105s9999||||xx |||||||||||||||||und||
020 _a9788425230790
041 _aspa
100 _aGodas, Maru
245 0 _aBelleza orgánica :
_b Manual ilustrado de cosmética natural
264 _a[Madrid, España] :
_bEditorial Gustavo Gili,
_c2019
300 _a128 páginas
490 _aGGDIY
650 _aMind, body and spirituality
856 _uhttps://public.digitaliapublishing.com/a/65936
942 _cCF
999 _c80356
_d80356